[Event "Turin Epifania op 36th"]
[Site "Turin"]
[Date "2011.01.08"]
[Round "5"]
[White "Gallucci, Alessio"]
[Black "Torrione, William"]
[Result "1-0"]
[WhiteElo "2218"]
[BlackElo "2005"]
[PlyCount "39"]
[EventDate "2011.01.05"]
[EventType "swiss"]
[EventRounds "7"]
[EventCountry "ITA"]
[SourceTitle "EXT 2012"]
[Source "ChessBase"]
[SourceDate "2011.11.24"]
[SourceVersion "1"]
[SourceVersionDate "2011.11.24"]
[SourceQuality "1"]

1. e4 e5 2. d4 exd4 3. Qxd4 Nc6 4. Qe3 d6 5. Nc3 Nf6 6. Bd2 Ng4 7. Qg3 Be7 8. Nf3 Nce5 9. Nxe5 dxe5 10. Nd5 Bh4 11. Nxc7+ Qxc7 12. Qxh4 0-0 13. Bd3 Be6 14. 0-0 Nf6 15. Kh1 Bc4 16. f4 Bxd3 17. cxd3 Qc2 18. fxe5 Nxe4 19. Bb4 Nd2 20. Qf2 1-0

[Event "Nichelino op 11th"]
[Site "Nichelino"]
[Date "2010.10.02"]
[Round "3"]
[White "Topczewski, Damian"]
[Black "Torrione, William"]
[Result "1-0"]
[WhiteElo "2165"]
[BlackElo "2018"]
[PlyCount "125"]
[EventDate "2010.09.30"]
[EventType "swiss"]
[EventRounds "6"]
[EventCountry "ITA"]
[SourceTitle "EXT 2024"]
[Source "ChessBase"]
[SourceDate "2023.10.10"]
[SourceVersion "1"]
[SourceVersionDate "2023.10.10"]
[SourceQuality "1"]

1. e4 e5 2. Nf3 Nf6 3. Nxe5 d6 4. Nf3 Nxe4 5. Nc3 Nxc3 6. dxc3 Nc6 7. Be3 Be7 8. Qd2 a6 9. 0-0-0 Be6 10. Kb1 Qd7 11. Nd4 Nxd4 12. cxd4 d5 13. Be2 Bd6 14. Rhe1 0-0-0 15. Qa5 Qc6 16. Rc1 Rhe8 17. h4 f6 18. Bd3 h6 19. Bg6 Re7 20. Bd2 Bd7 21. Rxe7 Bxe7 22. Bf4 Bd6 23. Qd2 Be8 24. Bf5+ Bd7 25. Bg6 Be8 26. Bd3 Bf7 27. Qe3 g5 28. hxg5 hxg5 29. Bxd6 Qxd6 30. Re1 Re8 31. Qh3+ Kd8 32. Rh1 Qe6 33. b3 Qxh3 34. Rxh3 Be6 35. Rh6 Ke7 36. Rh7+ Kd6 37. c4 dxc4 38. bxc4 b5 39. cxb5 axb5 40. Rh6 Rf8 41. Bc2 Bc4 42. Kb2 Kd5 43. Rh7 Kxd4 44. Rxc7 Rd8 45. a3 Rd6 46. Re7 Re6 47. Rd7+ Kc5 48. Rd2 Re2 49. Rxe2 Bxe2 50. Kc3 Bc4 51. Bf5 Bf1 52. g3 Bc4 53. Bg6 Bf1 54. Bf7 Bg2 55. Kd3 Bd5 56. Bxd5 Kxd5 57. g4 Kc5 58. Kc3 Kd5 59. Kb4 Kc6 60. Ka5 Kc5 61. f3 Kc6 62. Ka6 Kc5 63. Kb7 1-0

[Event "Nichelino op 11th"]
[Site "Nichelino"]
[Date "2010.10.02"]
[Round "4"]
[White "Torrione, William"]
[Black "Petrini, Alberto"]
[Result "1-0"]
[WhiteElo "2018"]
[BlackElo "1711"]
[PlyCount "117"]
[EventDate "2010.09.30"]
[EventType "swiss"]
[EventRounds "6"]
[EventCountry "ITA"]
[SourceTitle "EXT 2024"]
[Source "ChessBase"]
[SourceDate "2023.10.10"]
[SourceVersion "1"]
[SourceVersionDate "2023.10.10"]
[SourceQuality "1"]

1. d4 Nf6 2. c4 g6 3. Nc3 Bg7 4. e4 d6 5. f3 0-0 6. Be3 c6 7. Bd3 Nbd7 8. Nge2 a6 9. Qd2 e5 10. d5 cxd5 11. cxd5 Ne8 12. g4 Ndf6 13. Ng3 b5 14. Bh6 Ra7 15. Bxg7 Nxg7 16. h4 h5 17. gxh5 Nfxh5 18. Nxh5 Nxh5 19. Ne2 Qf6 20. Qe3 Rc7 21. Kd2 Bd7 22. Rag1 Rfc8 23. Ng3 Nxg3 24. Rxg3 Kf8 25. h5 gxh5 26. Rxh5 Ke7 27. Rh6 Qf4 28. Qxf4 exf4 29. Rg1 b4 30. Rgh1 Bb5 31. Rh8 Rxh8 32. Rxh8 Bxd3 33. Kxd3 a5 34. Kd2 Kf6 35. Rh1 Ke5 36. Kd3 a4 37. Rh5+ Kf6 38. Rf5+ Ke7 39. Rxf4 b3 40. axb3 axb3 41. Rh4 Rc2 42. Rh1 Rxb2 43. Rf1 Rg2 44. Ra1 b2 45. Ra7+ Kf6 46. Rb7 Ke5 47. Ke3 f5 48. f4+ Kf6 49. e5+ dxe5 50. Rb6+ Ke7 51. fxe5 Rc2 52. Rb7+ Ke8 53. e6 Rc5 54. Kd4 Rc2 55. d6 Rd2+ 56. Ke5 Re2+ 57. Kxf5 Rf2+ 58. Kg4 Rc2 59. Rb8+ 1-0

[Event "Nichelino op 11th"]
[Site "Nichelino"]
[Date "2010.09.30"]
[Round "1"]
[White "Torrione, William"]
[Black "Medaglia, Enzo"]
[Result "1-0"]
[WhiteElo "2018"]
[BlackElo "1756"]
[PlyCount "61"]
[EventDate "2010.09.30"]
[EventType "swiss"]
[EventRounds "6"]
[EventCountry "ITA"]
[SourceTitle "EXT 2024"]
[Source "ChessBase"]
[SourceDate "2023.10.10"]
[SourceVersion "1"]
[SourceVersionDate "2023.10.10"]
[SourceQuality "1"]

1. d4 Nf6 2. c4 g6 3. Nc3 Bg7 4. e4 d6 5. f3 0-0 6. Be3 e5 7. d5 Ne8 8. Qd2 c6 9. Bd3 cxd5 10. Nxd5 Be6 11. Ne2 Nc6 12. g4 f5 13. Bg5 Qd7 14. gxf5 gxf5 15. Rg1 Kh8 16. Bh6 f4 17. Bxg7+ Nxg7 18. 0-0-0 Bxd5 19. exd5 Ne7 20. Rg4 Nef5 21. Rdg1 Rg8 22. Qc3 Rac8 23. Nxf4 exf4 24. Bxf5 Qxf5 25. Rxg7 Qe5 26. Rxg8+ Rxg8 27. Rxg8+ Kxg8 28. Qxe5 dxe5 29. Kd2 Kf7 30. Kd3 Ke7 31. c5 1-0

[Event "Turin Weekend op"]
[Site "Turin"]
[Date "2009.10.??"]
[Round "3"]
[White "Torrione, William"]
[Black "Santilli, Enrico"]
[Result "1/2-1/2"]
[WhiteElo "1999"]
[BlackElo "1964"]
[PlyCount "28"]
[EventDate "2009.10.30"]
[EventType "swiss"]
[EventRounds "5"]
[EventCountry "ITA"]
[SourceTitle "EXT 2012"]
[Source "ChessBase"]
[SourceDate "2011.11.24"]
[SourceVersion "1"]
[SourceVersionDate "2011.11.24"]
[SourceQuality "1"]

1. d4 f5 2. Nf3 Nf6 3. g3 g6 4. Bg2 Bg7 5. 0-0 0-0 6. c4 d6 7. b3 c5 8. e3 Nc6 9. Bb2 Ne4 10. Nbd2 cxd4 11. Nxd4 Nxd4 12. Bxd4 e5 13. Bb2 Nc5 14. Bd5+ Kh8 1/2-1/2

[Event "Nichelino op"]
[Site "Nichelino"]
[Date "2008.10.06"]
[Round "6"]
[White "Fassio, Luca"]
[Black "Torrione, William"]
[Result "1-0"]
[WhiteElo "2081"]
[BlackElo "1972"]
[PlyCount "113"]
[EventDate "2008.10.02"]
[EventType "swiss"]
[EventRounds "6"]
[EventCountry "ITA"]
[SourceTitle "CBM 126 Extra"]
[Source "ChessBase"]
[SourceDate "2008.11.05"]
[SourceVersion "1"]
[SourceVersionDate "2008.11.05"]
[SourceQuality "1"]

1. e4 e5 2. Nf3 Nf6 3. Nxe5 d6 4. Nf3 Nxe4 5. d4 d5 6. Bd3 Nc6 7. 0-0 Be7 8. c4 Nb4 9. Be2 0-0 10. Nc3 Bf5 11. Nxd5 Nxd5 12. cxd5 Qxd5 13. Be3 c6 14. a3 a5 15. Ne5 Nd6 16. Bf3 Ne4 17. Be2 Nd6 18. Qc1 Be6 19. Rd1 f6 20. Nd3 Qb5 21. a4 Qf5 22. Nf4 Bf7 23. Bd3 Qd7 24. Qc2 f5 25. Be2 Ne4 26. Nd3 Bd5 27. Nc5 Nxc5 28. dxc5 Qe6 29. Rac1 f4 30. Bd4 Bb3 31. Qxb3 Qxb3 32. Bc4+ Qxc4 33. Rxc4 Rad8 34. Re1 Rd7 35. Bc3 Bd8 36. f3 g5 37. Kf2 Kf7 38. Re2 Re8 39. Rxe8 Kxe8 40. h4 h6 41. hxg5 hxg5 42. g3 Bc7 43. gxf4 gxf4 44. Ke2 Rf7 45. Kd3 Rd7+ 46. Rd4 Ke7 47. Rxd7+ Kxd7 48. Ke4 Ke6 49. Bd2 Be5 50. b3 Bc7 51. Bxf4 Bxf4 52. Kxf4 Kd5 53. Kg5 Kxc5 54. f4 Kd6 55. Kf6 b5 56. f5 bxa4 57. bxa4 1-0

[Event "Nichelino op"]
[Site "Nichelino"]
[Date "2008.10.02"]
[Round "1"]
[White "Torrione, William"]
[Black "Giacchino, Claudio"]
[Result "1/2-1/2"]
[WhiteElo "1972"]
[BlackElo "1582"]
[PlyCount "116"]
[EventDate "2008.10.02"]
[EventType "swiss"]
[EventRounds "6"]
[EventCountry "ITA"]
[SourceTitle "CBM 126 Extra"]
[Source "ChessBase"]
[SourceDate "2008.11.05"]
[SourceVersion "1"]
[SourceVersionDate "2008.11.05"]
[SourceQuality "1"]

1. d4 d5 2. c4 e6 3. g3 Nf6 4. Bg2 Be7 5. Nf3 0-0 6. Nbd2 c6 7. 0-0 Nbd7 8. Qc2 dxc4 9. Nxc4 Nd5 10. e4 N5b6 11. b3 g6 12. Bf4 Nxc4 13. bxc4 Nf6 14. e5 Nh5 15. Be3 Qc7 16. c5 Ng7 17. Nd2 Nf5 18. Qd3 Nxe3 19. Qxe3 Rb8 20. Ne4 Qd8 21. f4 b6 22. g4 Bd7 23. g5 Kg7 24. Qh3 Kh8 25. Rf3 Rg8 26. Qg4 bxc5 27. dxc5 Be8 28. Nd6 Qa5 29. Rc1 Qxa2 30. Rh3 Rg7 31. Nxe8 Rxe8 32. Bxc6 Rd8 33. Qf3 Qd2 34. Rc3 Rd4 35. Qe3 Qxe3+ 36. Rhxe3 Rxf4 37. Bb7 Bd8 38. Red3 Rg8 39. c6 Bc7 40. Rd7 Bxe5 41. Rc2 Rg4+ 42. Rg2 Rc4 43. Rxf7 Rd8 44. Re2 Rd1+ 45. Kg2 Rg4+ 46. Kh3 Rxg5 47. c7 Rd3+ 48. Kh4 Rh5+ 49. Kg4 Rd4+ 50. Re4 Rxe4+ 51. Bxe4 Bxc7 52. Rxc7 Rxh2 53. Rxa7 Rf2 54. Re7 Kg8 55. Kg5 Rf7 56. Rxe6 Kg7 57. Ra6 Rc7 58. Bd5 Rd7 1/2-1/2

[Event "Asti Alfieri Memorial 3rd"]
[Site "Asti"]
[Date "2008.03.30"]
[Round "5"]
[White "Torrione, William"]
[Black "Di Chiara, Mauro"]
[Result "0-1"]
[WhiteElo "1917"]
[BlackElo "1812"]
[PlyCount "60"]
[EventDate "2008.03.27"]
[EventType "swiss"]
[EventRounds "6"]
[EventCountry "ITA"]
[SourceTitle "EXT 2011"]
[Source "ChessBase"]
[SourceDate "2010.11.26"]
[SourceVersion "1"]
[SourceVersionDate "2010.11.26"]
[SourceQuality "1"]

1. d4 d6 2. c4 f5 3. g3 Nf6 4. Bg2 g6 5. Nf3 Bg7 6. 0-0 0-0 7. Nc3 Nc6 8. d5 Ne5 9. Nxe5 dxe5 10. f3 h6 11. e4 f4 12. gxf4 Nh5 13. fxe5 Bxe5 14. Bxh6 Qd6 15. f4 Rxf4 16. Bxf4 Nxf4 17. Qf3 Qc5+ 18. Kh1 Bd7 19. Qg3 Qd6 20. Qf3 Kg7 21. Ne2 g5 22. Nxf4 Bxf4 23. Qe2 Rh8 24. Rxf4 Qxf4 25. Bf3 e5 26. Rg1 Rh4 27. Qg2 Kf6 28. Rf1 Bh3 29. Rf2 Bxg2+ 30. Bxg2 Qxf2 0-1

[Event "Nichelino op 8th"]
[Site "Nichelino"]
[Date "2007.10.06"]
[Round "3"]
[White "Astengo, Marcello"]
[Black "Torrione, William"]
[Result "1-0"]
[WhiteElo "2024"]
[BlackElo "1911"]
[PlyCount "49"]
[EventDate "2007.10.04"]
[EventType "swiss"]
[EventRounds "6"]
[EventCountry "ITA"]
[SourceTitle "EXT 2010"]
[Source "ChessBase"]
[SourceDate "2010.11.25"]
[SourceVersion "1"]
[SourceVersionDate "2010.11.25"]
[SourceQuality "1"]

1. d4 d5 2. c4 c6 3. Nc3 Nf6 4. Bg5 Nbd7 5. e3 e6 6. cxd5 exd5 7. Bd3 Be7 8. Qc2 Nf8 9. Nge2 Ng6 10. 0-0 Nd7 11. Bxe7 Qxe7 12. Rab1 0-0 13. b4 a6 14. Na4 Re8 15. Ng3 Ndf8 16. Nc5 Nh4 17. Rfe1 Qd6 18. a4 b6 19. Nb3 Bd7 20. Qe2 g6 21. Bxa6 Qxb4 22. Nc5 Qa5 23. Nxd7 Qxa6 24. Qxa6 Rxa6 25. Nf6+ 1-0

[Event "Nichelino op 8th"]
[Site "Nichelino"]
[Date "2007.10.05"]
[Round "2"]
[White "Torrione, William"]
[Black "Giacchino, Claudio"]
[Result "1-0"]
[WhiteElo "1911"]
[BlackElo "1679"]
[PlyCount "71"]
[EventDate "2007.10.04"]
[EventType "swiss"]
[EventRounds "6"]
[EventCountry "ITA"]
[SourceTitle "EXT 2010"]
[Source "ChessBase"]
[SourceDate "2010.11.25"]
[SourceVersion "1"]
[SourceVersionDate "2010.11.25"]
[SourceQuality "1"]

1. d4 d5 2. c4 c6 3. Nc3 Nf6 4. cxd5 Nxd5 5. e4 Nxc3 6. bxc3 Nd7 7. Nf3 e6 8. Bf4 Be7 9. Bd3 c5 10. d5 exd5 11. exd5 Bf6 12. Qe2+ Qe7 13. Qxe7+ Bxe7 14. c4 0-0 15. a4 b6 16. Kd2 Bf6 17. Rae1 Bb7 18. Bf5 Bc8 19. Bd6 Rd8 20. Bc7 Rf8 21. d6 g6 22. Be4 Ba6 23. Bxa8 Rxa8 24. Kd3 Bb7 25. Kc2 Bc6 26. Kb3 Rc8 27. Re3 Kf8 28. Rhe1 h6 29. g3 h5 30. Nd2 Nb8 31. Rd3 Na6 32. d7 Bxd7 33. Rxd7 Nxc7 34. Ne4 Bd8 35. Nd6 Ra8 36. Nxf7 1-0

[Event "Asti Alfieri Memorial 2nd"]
[Site "Asti"]
[Date "2007.03.24"]
[Round "4"]
[White "Viglino, Antonio"]
[Black "Torrione, William"]
[Result "1-0"]
[WhiteElo "1818"]
[BlackElo "1922"]
[PlyCount "73"]
[EventDate "2007.03.22"]
[EventType "swiss"]
[EventRounds "6"]
[EventCountry "ITA"]
[SourceTitle "EXT 2010"]
[Source "ChessBase"]
[SourceDate "2010.11.25"]
[SourceVersion "1"]
[SourceVersionDate "2010.11.25"]
[SourceQuality "1"]

1. Nf3 d5 2. d4 Nf6 3. c4 c6 4. Nc3 e6 5. Bg5 Nbd7 6. e3 Qa5 7. cxd5 Nxd5 8. Qd2 Bb4 9. Rc1 N7b6 10. a3 Bxc3 11. bxc3 Qxa3 12. e4 Nf6 13. Bd3 c5 14. 0-0 c4 15. Ra1 Qf8 16. Bc2 h6 17. Bh4 Nh5 18. Rfb1 Qd6 19. e5 Qc7 20. g4 g5 21. gxh5 gxh4 22. Be4 Nd5 23. Nxh4 Bd7 24. Kf1 Bc6 25. Bxd5 Bxd5 26. Qf4 a6 27. Qf6 Rh7 28. Ke2 Qe7 29. Rg1 Kd7 30. Ng2 Rhh8 31. Ne3 Qxf6 32. exf6 Rhg8 33. Rg7 Raf8 34. Ng4 Rh8 35. Ne5+ Ke8 36. Ra5 b5 37. Rxa6 1-0

[Event "Turin Piemonte op 6th"]
[Site "Turin"]
[Date "2005.11.19"]
[Round "2"]
[White "Torrione, William"]
[Black "Napoli, Claudio"]
[Result "0-1"]
[WhiteElo "1883"]
[BlackElo "1799"]
[PlyCount "58"]
[EventDate "2005.11.18"]
[EventType "swiss"]
[EventRounds "9"]
[EventCountry "ITA"]
[SourceTitle "EXT 2007"]
[Source "ChessBase"]
[SourceDate "2006.11.23"]
[SourceVersion "1"]
[SourceVersionDate "2006.11.23"]
[SourceQuality "1"]

1. d4 d5 2. c4 c6 3. Nc3 Nf6 4. Nf3 e6 5. Bg5 dxc4 6. e4 b5 7. e5 h6 8. Bh4 g5 9. Nxg5 hxg5 10. Bxg5 Nbd7 11. exf6 Bb7 12. h4 Qa5 13. Qd2 0-0-0 14. f3 e5 15. dxe5 Nxe5 16. Qf4 Bd6 17. Qf5+ Kb8 18. 0-0-0 Qb6 19. Nb1 Bc8 20. Qe4 Nd3+ 21. Bxd3 cxd3 22. Rxd3 Bf5 23. Qe3 Bxd3 24. Qxd3 Qc5+ 25. Qc2 Qxg5+ 26. hxg5 Bf4+ 27. Qd2 Rxh1+ 28. Kc2 Bxd2 29. Nxd2 Rh2 0-1

[Event "Nichelino op 6th"]
[Site "Nichelino"]
[Date "2005.10.09"]
[Round "5"]
[White "Villalba, Fernando"]
[Black "Torrione, William"]
[Result "1/2-1/2"]
[WhiteElo "1881"]
[BlackElo "1883"]
[PlyCount "20"]
[EventDate "2005.10.06"]
[EventType "swiss"]
[EventRounds "6"]
[EventCountry "ITA"]
[SourceTitle "EXT 2007"]
[Source "ChessBase"]
[SourceDate "2006.11.23"]
[SourceVersion "1"]
[SourceVersionDate "2006.11.23"]
[SourceQuality "1"]

1. e4 e6 2. d4 d5 3. Nc3 Bb4 4. exd5 exd5 5. Qf3 Nf6 6. Bg5 Qe7+ 7. Nge2 Be6 8. 0-0-0 a6 9. Bxf6 Qxf6 10. Qxf6 gxf6 1/2-1/2

[Event "Piemonte-ch"]
[Site "Turin"]
[Date "2005.04.26"]
[Round "6"]
[White "Torrione, William"]
[Black "Stroppa, Daniel"]
[Result "0-1"]
[WhiteElo "1705"]
[BlackElo "2239"]
[PlyCount "90"]
[EventDate "2005.04.21"]
[EventType "swiss"]
[EventRounds "7"]
[EventCountry "ITA"]
[SourceTitle "EXT 2008"]
[Source "ChessBase"]
[SourceDate "2007.11.25"]
[SourceVersion "1"]
[SourceVersionDate "2007.11.25"]
[SourceQuality "1"]

1. d4 d6 2. Nf3 Bg4 3. e3 Nd7 4. Be2 e5 5. Nbd2 c6 6. c4 Ngf6 7. e4 Qc7 8. 0-0 Bxf3 9. Nxf3 Nxe4 10. Be3 Be7 11. dxe5 dxe5 12. Bd3 Nef6 13. Bf5 0-0 14. Bg5 Rfe8 15. Re1 Bd6 16. Nd2 g6 17. Bxd7 Nxd7 18. Ne4 Be7 19. Bxe7 Rxe7 20. Qd6 Qxd6 21. Nxd6 Nc5 22. Ne4 Nxe4 23. Rxe4 f5 24. Re2 Rd8 25. f3 Kf7 26. Rae1 Kf6 27. Kf2 Rd4 28. b3 Rd3 29. Re3 Rxe3 30. Kxe3 Rd7 31. Re2 Rd1 32. Kf2 Rd3 33. Ke1 g5 34. h3 Rd4 35. Re3 h5 36. Re2 e4 37. Kf2 Ke5 38. fxe4 fxe4 39. g3 Rd3 40. Kg2 e3 41. Kf3 Kd4 42. Rc2 Rd2 43. Rxd2+ exd2 44. Ke2 d1Q+ 45. Kxd1 Ke3 0-1